000 02491nam0a2200457 i 4500
001 RU\NLR\BIBL_A\010408361
005 20240921192335.0
010 _a9785857973004
_9300
035 _a(NILC)LIBNET\0000433661
035 _aRUCML-BIBL-0001352860
035 _a(NLR Aleph) 010408361
090 _a9740950
_c9740950
100 _a20140624d2013 k y0rusy50 ca
101 0 _arus
102 _aRU
105 _aa|||z||||||||
200 1 _aЗдравоохранение Дальнего Востока России в условиях рыночных реформ
_eмонография
_fВ. Г. Дьяченко, В.Б. Пригорнев, Л.В. Солохина [и др.]
_gпод общ. ред. В. Г. Дьяченко
_gМинздрав России, Гос. бюджет. учреждение высш. проф. образования "Дальневост. гос. мед. ун-т" М-ва здравоохранения Рос. Федерации
210 _aХабаровск
_cИзд-во ДВГМУ
_d2013
215 _a687 с.
_cил.
_d20
300 _aНа 687-й с. авт.: Дьяченко Владимир Гаврилович, д.м.н., проф. Пригорнев Владимир Борисович, д.м.н. Солохина Людмила Васильевна, д.м.н., проф.
320 _aБиблиогр.: с. 664-686 (329 назв.) и в подстроч. примеч.
606 1 _aЗдравоохранение
_yДальний Восток Российской Федерации
_92155491
_3RU\NLR\AUTH\661297684
606 1 _aЗДРАВООХРАНЕНИЕ
_8rus
_yДальний восток Российской федерации
_2rus_mesh
_3R11817
606 1 _aPUBLIC HEALTH
_8eng
_2rus_mesh
_3E11817
675 _a614.2(571.6)
_v3
_zrus
686 _a76.75.75
_2rugasnti
686 _aH02.403.720
_v2013
_2MESH
686 _aN01.400.550
_v2013
_2MESH
686 _aN06.850
_v2013
_2MESH
686 1 _aР11(2Р55)
701 1 _aДьяченко
_bВ. Г.
_gВладимир Гаврилович
_4070
_4340
701 1 _aПригорнев
_bВ. Б.
_gВладимир Борисович
701 1 _aСолохина
_bЛ. В.
_gЛюдмила Васильевна
801 0 _aRU
_bЦНМБ
_c20140204
_gRCR
801 1 _aRU
_bЦНМБ
_c20140204
_2rusmarc
801 2 _aRU
_bЦНМБ
_c20140319
_2rusmarc
801 2 _aRU
_bЦНМБ
_c20140320
_2rusmarc
942 _cBOOK
980 _aNBR